00484nam a22001697a 450000500170000001000150001702000120003203500140004403700130005808200120007110000190008324500450010226000350014727000660018230000260024850000400027420170816123603.0 aENG-119693 c1180.00 aEN-103225 bDBAD/PUB a572.982 aReddy, V. Rami aGeneral anthropology /cby V. Rami Reddy aTirupati (AP)bV. Indirac2012 a8-30, (Opp.) Vidyanagar, SVUNT Colony,bTirupati (AP)e517502 axii,289p. c26cm(pbk) aIncludes bibliographical references